Can u talk facebook Quiz Stats

Quiz not verified by Sporcle

Challenge
Share
Tweet
Embed
Score 0/14 Timer 07:00
0 Plays Today
% Correct
Laugh Out Loud
70%
Be Right Back
70%
You
40%
Ta Ta For Now
20%
Dont Worrie
20%
Later
20%
What The F***
10%
% Correct
Totaly
10%
Why
10%
To Much Information
10%
Sorry
10%
With
10%
F*** My Life
10%
Laughing My A** Off
10%

You're not logged in!

Compare scores with friends on all Sporcle quizzes.
Join for Free
OR
Log In

You Might Also Like...

Show Comments

Extras

Top Quizzes Today


Score Distribution

Your Account Isn't Verified!

In order to create a playlist on Sporcle, you need to verify the email address you used during registration. Go to your Sporcle Settings to finish the process.

Report this User

Report this user for behavior that violates our Community Guidelines.

Details: